000 00250nam a22001217a 4500
003 SGT
082 _a820
_bB14M
100 _aMALLIKARJUNA, IYTHA
245 _aBHARAT THAT IS INDIA
260 _bEKAL SANSTHAN
_c2014
300 _a192
942 _2ddc
_cBK
999 _c30907
_d30907